00552nam a2200169Ia 4500008004100000100001100041245005400052245008700106260003000193260000900223300002400232440005100256650001000307650001800317650001700335650003000352190427s9999 xx 000 0 und d aHu Tao aFormation and effect of social media usage habit/ cTao Hu, Thomas F. Stafford, William J. Kettinger, Xihui"Paul" Zhang and Hua Dai.-- bTaylor and Francis Group  c2018 apages 334-343, 2018 aJournal of Computer Inforamation Systemv58(4) aHabit aLonghitudinal aSocial Media aSocial networking service